[Event "9th LCC FIDE Open 2017"]
[Site "London"]
[Date "2017.12.02"]
[Round "1"]
[White "Peters, Stephen G"]
[Black "Nihal Sarin"]
[Result "0-1"]
[WhiteElo "2050"]
[BlackElo "2507"]
[Annotator "TA"]
[PlyCount "56"]
[EventDate "2017.??.??"]
[EventCountry "ENG"]
[SourceTitle "playchess.com"]
[Source "ChessBase"]
[SourceQuality "1"]

{[%evp 19,56,8,8,4,21,0,0,-49,105,98,104,8,12,17,18,0,0,-34,-4,-28,-17,-77,-85,-73,-96,-195,-170,-220,-222,-450,-440,-574,-549,-712,-354,-693,-639,-1389,-679]} 1. d4 Nf6 2. c4 {[%cal Bc2c4,Bc4b5,Bb5b6][%mdl 32]} c5 3. d5 b5 4. cxb5 a6 5. b6 d6 6. Nc3 Nbd7 7. e4 {A57: Wolga/Benkö-Gambit} Rb8 {[%cal Ba8b8,Bb8b6,Bb6b4][%mdl 32]} (7... g6 8. Nf3 Bg7 9. Be2 Nxb6 10. O-O O-O 11. a4 Bg4 12. a5 Bxf3 13. Bxf3 Nc4 14. Qa4 Ne5 15. Be2 Ne8 16. Bg5 Nc7 17. f4 Nd7 18. e5 f6 19. exf6 Bxf6 20. Bxf6 Nxf6 {½-½ (20) Radjabov,T (2773)-Ivanchuk,V (2766) Wijk aan Zee 2012}) 8. Nf3 g6 9. a4 Rxb6 10. Nd2 Bg7 {LiveBook: 3 Partien} 11. Be2 O-O 12. O-O Rb4 13. h3 $146 ({Vorgänger:} 13. a5 Ne5 14. h3 g5 {0-1 (24) Bocharov,D (2584)-Zvjaginsev,V (2641) St Petersburg 2009}) 13... g5 $2 (13... e6 $15 {bleibt weiter vorne.}) 14. Nc4 $16 Nb6 {[#]} 15. Nxb6 (15. Na5 $1 $16) 15... Qxb6 $11 16. a5 Qb7 17. Qc2 h6 18. Ra2 Bd7 19. Re1 e6 $36 {[%cal Re6d5][%mdl 2048] Schwarz hat gut koordiniertes Spiel.} 20. Rd1 (20. b3 $11 {hält das Gleichgewicht.}) 20... exd5 $17 21. exd5 Re8 22. Bf3 (22. Bd2 $17) 22... Qc8 $19 {Und ...Lf5 würde nun gewinnen.} 23. Bd2 {[#]} Bxh3 $1 {[%mdl 512]} 24. Ne2 $2 (24. Re1 Rxe1+ 25. Bxe1) (24. gxh3 Qxh3) 24... g4 25. Bxb4 gxf3 26. gxf3 cxb4 (26... Rxe2 $142 27. Qxe2 Qf5) 27. Qd3 $2 {[#]} (27. Qxc8 Bxc8 28. b3) 27... Nxd5 $1 {[%mdl 512]} 28. Qxd5 Be6 {Precision: Weiß = 11%, Schwarz = 59%.} (28... Rxe2 $142 29. Qxd6 Qc2) 0-1

[Event "9th LCC FIDE Open 2017"]
[Site "London"]
[Date "2017.12.02"]
[Round "1"]
[White "Nettleton, Charlie B"]
[Black "Fernandez, Daniel Howard"]
[Result "0-1"]
[WhiteElo "2047"]
[BlackElo "2500"]
[Annotator "TA"]
[PlyCount "174"]
[EventDate "2017.??.??"]
[EventCountry "ENG"]
[SourceTitle "playchess.com"]
[Source "ChessBase"]
[SourceQuality "1"]

{[%evp 12,174,-18,-21,-23,-40,-29,-36,-21,-29,-16,-14,-10,-14,-16,-14,-8,-55,-53,-59,-49,-69,-36,-38,-50,-92,-79,-83,-89,-107,-105,-123,-121,-131,-123,-134,-149,-208,-95,-217,-199,-197,-212,-180,-184,-215,-204,-212,-211,-210,-202,-383,-372,-339,-267,-376,-374,-389,-268,-292,-275,-238,-199,-204,-170,-342,-297,-241,-167,-171,-141,-691,-721,-708,-695,-738,-212,-196,-159,-211,-131,-131,-128,-128,-98,-354,-346,-331,-131,-131,-131,-133,-131,-384,-381,-576,-576,-575,-573,-644,-655,-638,-616,-2294,-2202,-29976,-29977,-29982,-29983,-29983,-29984,-29985,-289,-289,-197,-228,-156,-600,-716,-840,-796,-949,-773,-824,-818,-796,-291,-811,-756,-2995,0,-308,-308,-3005,-2997,-963,-308,-655,-14,-27,0,0,0,0,-8,-29983,-29984,-29984,-29985,-29985,-29986,-29986,-29987,-29987,-29988,-29988,-29988,-29988,-29989,-29989,-29990,-29990,-29991,-29992,-29988]} 1. e4 c5 2. a3 g6 3. Nc3 (3. h4 h5 4. Bc4 Bg7 5. Qf3 e6 6. d3 Nc6 {1-0 (6) Delgado Ramirez,N (2609)-Perez Ponsa,F (2577) Antofagasta 2016}) 3... Bg7 4. b4 b6 5. Nf3 Nc6 6. bxc5 {B20: Sizilianisch} bxc5 7. Rb1 {LiveBook: 3 Partien} e6 8. Na4 $146 {Schwarz hat minimalen Vorteil.} ({Vorgänger:} 8. Bb5 Nge7 9. O-O O-O 10. Re1 d5 11. exd5 exd5 {0-1 (32) Liardet,F (2340)-Papa,S (2456) Geneve 2005}) 8... d6 9. Bb2 Bxb2 10. Rxb2 e5 11. Nc3 Nf6 12. Bb5 Bd7 13. O-O O-O 14. Ng5 Rb8 15. Rb1 h6 16. Nh3 Bxh3 17. Bxc6 Rxb1 18. Qxb1 Qc8 $1 $36 {[%cal Rc8g4][%mdl 2048] ( -> ...Dg4). Schwarz ist am Drücker.} 19. gxh3 ({Jedoch nicht} 19. Nd5 $2 Nxd5 20. gxh3 Nf4 $19) 19... Qxc6 20. d3 c4 {Droht ...cxd3 und aus.} 21. Qb5 Qc8 22. Nd5 Nxd5 23. Qxd5 Qxh3 24. Qxd6 $17 {[%mdl 4096] Endspiel KDT-KDT} (24. dxc4 $17 Qg4+ 25. Kh1) 24... Qg4+ $19 25. Kh1 Qe2 $1 {[%cal Re2f1]} 26. Kg1 Qxc2 {zielt auf ...c3 ab.} 27. dxc4 Qxe4 28. c5 Rc8 29. Rc1 Qg4+ 30. Kf1 Qh3+ 31. Ke2 $2 (31. Kg1) 31... Qxa3 32. Rc2 Qa4 33. Rc3 (33. Qd3 $142) 33... Qb5+ 34. Ke3 Rc6 35. Qd8+ Kg7 36. Qd5 a5 37. Qxe5+ Kh7 {...Te6 ist eine echte Drohung.} 38. Qd5 $2 (38. Kf3) 38... Re6+ 39. Kf3 Qb2 40. Qd4 {[#]} a4 $1 {[%mdl 512] Und weiter mit ...a3 wäre nett.} 41. Rc4 $2 {[%mdl 8192]} (41. Rd3 $17 Qe2+ 42. Kg2) (41. Qxa4 Rf6+) 41... Qb7+ 42. Kg3 a3 43. Ra4 Ra6 $2 (43... a2 44. f3 Re2) 44. Rxa6 Qxa6 {KD-KD} 45. Qd5 Qa7 {Weiss muss nun ...a2 beachten.} 46. Qa2 Kg8 ({Viel schwächer ist} 46... Qxc5 47. Qxf7+ Kh8 48. Qf6+ Kg8 49. Qxg6+ Kf8 50. Qxh6+ Ke7 51. Qg7+ Ke6 52. Qg6+ Kd7 53. Qf7+ Kd6 54. Qg6+ Kd7 55. Qf7+ Kc6 56. Qb3 $15) 47. c6 Kf8 48. f4 $2 {[%mdl 8192] [#]} (48. Kg2 $17) 48... Qg1+ $1 49. Kf3 Qh1+ $2 (49... Qf1+ $19 50. Ke4 Qc1) 50. Kg3 $17 Qe1+ 51. Kg2 Qe4+ 52. Kg3 $2 {[%mdl 8192] [#]} (52. Kg1 $17 {ist der einzige Weg für Weiss..}) 52... Qd3+ $1 $19 53. Kg2 (53. Kf2 $142 Ke8 54. c7) 53... Ke7 54. c7 Kd7 55. Qxf7+ Kc8 56. Qf8+ Kxc7 57. Qxh6 Qc2+ 58. Kg3 Qc3+ 59. Kg4 a2 60. Qh7+ Kb6 61. Qxg6+ Ka5 $2 (61... Qc6 {setzt Matt} 62. Kg5 a1=Q 63. f5 Kb7 64. Qf7+ Ka6 65. Qe6 Kb5 66. Qxc6+ Kxc6 67. Kg6 Kd6 68. h3 Qg1+ 69. Kf6 Qg8 70. h4 Qg4 71. h5 Qxh5 72. Kg7 Qxf5 73. Kh8 Ke7 74. Kg7 Qh5 75. Kg8 Kf6 76. Kf8 Qh8#) 62. Qf5+ Kb4 63. Qe4+ Ka3 {[%mdl 1024] Schwarz hat starke Kompensation.} 64. Qa8+ $2 (64. Qe7+ $17 Kb3 65. Qb7+ Kc2 66. Qg2+ Kb1 67. Qf1+ Kb2 68. Qe2+ Qc2 69. Qe5+ Kb3 70. Kg5) 64... Kb2 65. Qb7+ Qb3 66. Qg2+ Qc2 67. Qb7+ Kc1 68. Qa6 Qg2+ $2 (68... Qd1+ 69. Kg3 Qb3+ 70. Kh4 Kd2) 69. Kf5 $2 (69. Kh5) 69... Qd5+ 70. Kg4 Qg2+ $2 (70... Qd7+ 71. Kf3 Qh3+ 72. Ke4 Qb3) 71. Kf5 Qxh2 72. Qf1+ $2 (72. Kg5) 72... Kd2 73. Qa1 Qh7+ $2 (73... Qh5+ 74. Ke4 Qe2+ 75. Kf5 Qd3+ 76. Kg5 Qb1 77. Qd4+ Ke2 78. Qc4+ Ke1 79. Qc3+ Ke2 80. Qc4+ Ke3 81. Qc3+ Kf2 82. Qc5+ Kg2 83. Qd5+ Kf2 84. Qd4+ Kf3 85. Qc3+ Kg2 86. Qd2+ Kf1) 74. Kg5 $2 (74. Kg4 Qc2 75. Kg5) 74... Qb1 $2 ({Günstiger ist} 74... Qg8+ $19 75. Kh6 Qb3 76. Qd4+ Ke2 77. Qe5+ Kf2) 75. Qd4+ $11 Ke2 (75... Qd3 $5 {[%cal Rd3d4]} 76. Qf2+ Qe2 77. Qd4+ Kc2 78. Qa4+ Kd3 79. Qa3+ Ke4 80. Qa8+ Ke3 81. Qa3+ Kf2 82. Qa7+ Kg2 83. Qa8+ Kg1 $19) 76. Qc4+ Kf3 77. Qc3+ Kg2 78. f5 $2 {[%mdl 8192]} (78. Qd2+ $11 Kf1 79. Qc3) 78... a1=Q {Schwarz setzt Matt.} 79. Qd2+ Kf1 80. Qf4+ Ke2 81. Qh2+ Kd3 82. Qg3+ Ke4 83. Qg2+ Kd4 84. Qf2+ Kc4 85. Qe2+ Qd3 86. Qe6+ Qd5 87. Qe2+ Kb3 {Precision: Weiß = 43%, Schwarz = 60%.} 0-1

[Event "9th LCC FIDE Open 2017"]
[Site "London"]
[Date "2017.12.03"]
[Round "2"]
[White "Motylev, Alexander"]
[Black "Radovanovic, Jovica"]
[Result "1-0"]
[WhiteElo "2675"]
[BlackElo "2320"]
[Annotator "TA"]
[PlyCount "71"]
[EventDate "2017.??.??"]
[EventCountry "ENG"]
[SourceTitle "playchess.com"]
[Source "ChessBase"]
[SourceQuality "1"]

{[%evp 16,71,3,12,54,54,54,55,47,51,89,89,92,99,95,83,100,119,99,98,158,141,297,296,296,293,286,270,277,270,293,256,240,247,262,272,294,283,283,283,283,282,276,273,273,275,282,283,352,285,494,481,861,843,5385,5002,29996,29997]} 1. e4 c5 2. Nf3 d6 3. d4 cxd4 4. Nxd4 Nf6 5. Nc3 a6 6. g3 e5 7. Nde2 b5 8. Bg5 Nbd7 {B91: Sicilian Najdorf: 6 g3} 9. Nd5 {LiveBook: 18 Games} h6 10. Bxf6 Nxf6 {White is slightly better.} 11. Nxf6+ $146 ({Predecessor:} 11. Nec3 Nxd5 12. Nxd5 Be7 13. a4 bxa4 14. Rxa4 O-O 15. Bc4 Bh3 16. Qf3 {1-0 (40) Ivanov,A (2545)-Garmendez Gonzalez,F (2325) Linares 1992}) 11... Qxf6 12. Nc3 Qd8 13. a4 bxa4 14. Rxa4 {[%cal Ba1a4,Ba4c4,Bc4c7,Bc7d7][%mdl 32]} Be7 15. Bb5+ Bd7 16. Bxd7+ Qxd7 17. Qd3 Qb7 (17... O-O $142) 18. Qd5 Qc8 $2 {[#]} (18... Ra7 $16) 19. Rc4 $18 Qd8 20. Qc6+ Kf8 21. Nd5 g6 22. O-O Kg7 23. Qb7 Bg5 24. Rc7 Rf8 25. b4 Bd2 26. c3 Rc8 27. Rd7 Qe8 28. Rxd6 Bxc3 29. Nc7 ({Don't take} 29. Qxa6 $6 Bd4 $18) ({Don't do} 29. Rxa6 Rb8 $16) 29... Rxc7 30. Qxc7 Bxb4 31. Rxa6 Qb5 32. Rb6 Qa5 $2 {[#]} (32... Qc5 33. Rc6 Qd4) 33. Rc1 Bd2 (33... Ra8 $142 34. Rb7 Rf8 35. Qxa5 Bxa5) 34. Rcc6 Kh7 35. Rf6 Be3 36. Rxf7+ {Precision: White = 96%, Black = 25%.} 1-0

[Event "9th LCC FIDE Open 2017"]
[Site "London"]
[Date "2017.12.03"]
[Round "2"]
[White "Iturrizaga Bonelli, Eduardo"]
[Black "Jackson, James P"]
[Result "1/2-1/2"]
[WhiteElo "2665"]
[BlackElo "2314"]
[Annotator "TA"]
[PlyCount "82"]
[EventDate "2017.??.??"]
[EventCountry "ENG"]
[SourceTitle "playchess.com"]
[Source "ChessBase"]
[SourceQuality "1"]

{[%evp 23,82,17,17,-28,37,1,0,-11,-8,-16,0,0,0,0,0,0,0,-89,-78,-95,-74,-76,-60,-91,-84,-341,-344,-342,-340,-350,-341,-411,-223,-231,-201,-198,-195,-187,-181,-162,-145,-213,-206,-215,-215,-215,-215,-213,-177,-177,0,0,0,0,0,0,0,0,0,0,0]} 1. c4 c5 2. g3 e6 3. Bg2 Nf6 4. Nf3 d5 5. cxd5 exd5 6. d4 Nc6 7. O-O Be7 8. dxc5 Bxc5 9. a3 Ne4 {D30: Queen's Gambit Declined: Systems without Nc3} 10. b4 Be7 11. Bb2 Bf6 12. Nd4 (12. Bxf6 Qxf6 13. Qxd5 Be6 14. Qxe4 Qxa1 15. b5 Nd8 16. Qb4 Qf6 17. Nd4 {½-½ (52) Kramnik,V (2760)-Sadler,M (2653) London 2014}) 12... Qb6 {[%cal Rc6d4] LiveBook: 3 Games} 13. Nxc6 $146 ({Predecessor:} 13. e3 Nxd4 14. Bxd4 Bxd4 15. Qxd4 Qxd4 16. exd4 Be6 17. Rc1 {½-½ (33) Stefanova,A (2488)-Batsiashvili,N (2417) Plovdiv 2014}) 13... Qxc6 (13... Bxb2 $11 14. Ra2 Bf6 15. Qxd5 Nxf2 16. Rxf2 Be6) 14. Bxf6 Qxf6 15. Qxd5 Qxa1 16. Qb5+ Bd7 17. Qxb7 O-O {Strongly threatening ...Nf6.} 18. Qxd7 Nf6 19. Qa4 Rac8 $36 {[%mdl 2048] Black fights for an advantage.} 20. Nd2 (20. Bb7 $11 {remains equal.} Rce8 21. Bf3) 20... Qb2 $17 21. Nf3 Rc3 (21... Qxe2 22. Nd4 $11) 22. Qxa7 Rxa3 23. Qc5 Qxe2 24. b5 $2 {[%mdl 8192]} (24. Nd4 $17 Qb2 25. Nc6) 24... Rxf3 $19 25. Bxf3 Qxf3 26. b6 h5 27. Rb1 {[#]} Qe4 (27... h4 $142 $1 28. Qe3 (28. gxh4 Qg4+) 28... Qb7) 28. Rb4 Qb7 29. Qc7 Qb8 30. Rc4 {intending b7.} Nd5 31. Qc6 {[#]} Ne7 $1 {[%cal Re7c6]} ({Inferior is} 31... Nxb6 32. Rb4 $11) 32. Qe4 {[#]} (32. Qd7 $17) 32... Nc8 $1 {[%cal Rc8d6] And now ...Nd6 would win.} ({Worse is} 32... Qxb6 33. Qxe7 Rb8 34. h3 $11) 33. Rb4 Nd6 ({Weaker is} 33... Nxb6 34. Qb1 $11) 34. Qd5 g6 35. g4 hxg4 36. Rxg4 Kg7 $2 (36... Kh7 $19 37. Rb4 Re8) 37. Qd4+ $11 {The position is equal.} f6 {[#] ...Nf7 is the strong threat.} 38. Rxg6+ $3 {[%mdl 512]} Kxg6 39. Qg4+ Kh7 {( -> ...Rg8)} 40. Qh5+ Kg7 41. Qg4+ Kh7 {Precision: White = 46%, Black = 65%.} 1/2-1/2

[Event "9th LCC FIDE Open 2017"]
[Site "London"]
[Date "2017.12.03"]
[Round "2"]
[White "Jones, Gawain C B"]
[Black "Vignesh, B."]
[Result "1-0"]
[WhiteElo "2654"]
[BlackElo "2287"]
[Annotator "TA"]
[PlyCount "76"]
[EventDate "2017.??.??"]
[EventCountry "ENG"]
[SourceTitle "playchess.com"]
[Source "ChessBase"]
[SourceQuality "1"]

{[%evp 26,76,29,23,168,169,171,163,163,166,158,166,160,157,161,158,166,144,144,156,166,146,137,130,156,147,221,221,225,222,228,228,228,217,226,215,224,223,233,228,241,129,244,248,255,258,244,200,435,433,446,444,428]} 1. Nf3 Nf6 2. c4 e6 3. g3 d5 4. Bg2 Be7 5. O-O O-O 6. b3 b6 7. Bb2 Bb7 8. e3 c5 9. Nc3 Nc6 10. cxd5 Nxd5 11. Nxd5 Qxd5 12. d4 Rad8 {A14: Reti-Eröffnung} (12... Qf5 13. Ne5 Nxe5 14. Bxb7 Rad8 15. Qe2 Qd3 16. Rae1 Qxe2 17. Rxe2 Nd3 18. Ba1 cxd4 19. Bxd4 Bf6 20. Bxf6 gxf6 {1-0 (99) So,W (2788)-Dominguez Perez,L (2739) Saint Louis 2017}) 13. Ne5 Qd6 14. dxc5 {LiveBook: 40 Partien} Qxd1 {[#]} (14... Qxc5 $11 {und Schwarz muss sich keine Sorgen machen.} 15. Nd7 Qf5) 15. Raxd1 $146 ({Vorgänger:} 15. Rfxd1 Nxe5 16. Bxb7 Nd3 17. cxb6 axb6 18. Bd4 Nc5 19. Bf3 f6 20. Kf1 {1-0 (44) Gonzalez Garcia,J (2518)-Ramesa,M (2214) Barcelona 2012}) 15... Nxe5 16. Bxb7 Nd3 {[#]} 17. cxb6 $1 axb6 18. Bd4 Nc5 19. Bf3 Rc8 20. Rc1 f6 21. b4 Nd3 22. Rxc8 Rxc8 23. a3 Ne5 24. Be4 $36 {[%mdl 2048] Läuft bei Weiss.} Nc4 25. Rc1 Nd6 (25... b5 $16 {war nötig.} 26. Kg2 Kf7) 26. Rxc8+ $18 Nxc8 {[%mdl 4096] Endspiel KLL-KLS} 27. f4 Kf7 28. Bd3 ({Schlechter ist} 28. Bxh7 g6 $11) 28... Bd8 29. Kf2 ({Und nicht} 29. Bxh7 g6 $11) 29... g6 30. e4 Ne7 31. Bb5 Bc7 32. a4 Nc8 33. e5 ({Lieber} 33. Bc4 $18) 33... Ne7 (33... fxe5 $16 {ist eine bessere Verteidigung.} 34. fxe5 Na7) 34. exf6 Nd5 35. Be5 Bd8 36. Bd6 Bxf6 $2 {[#]} (36... Nxf6 37. Kf3 Nd5) 37. a5 Bd4+ 38. Kf3 bxa5 {Precision: Weiß = 75%, Schwarz = 43%.} 1-0

[Event "9th LCC FIDE Open 2017"]
[Site "London"]
[Date "2017.12.03"]
[Round "2"]
[White "Maze, Sebastien"]
[Black "Ojas, Kulkarni"]
[Result "1-0"]
[WhiteElo "2614"]
[BlackElo "2278"]
[Annotator "TA"]
[PlyCount "73"]
[EventDate "2017.??.??"]
[EventCountry "ENG"]
[SourceTitle "playchess.com"]
[Source "ChessBase"]
[SourceQuality "1"]

{[%evp 19,73,18,39,43,43,37,39,31,68,58,62,38,81,29,57,45,96,-44,97,102,83,89,101,60,40,53,215,0,5,0,0,0,85,61,152,141,141,45,37,46,37,39,36,0,138,147,253,253,253,246,246,239,387,374,29995,29996]} 1. e4 e5 2. Nf3 Nc6 3. Bb5 a6 4. Ba4 Nf6 5. O-O Be7 6. d3 d6 7. c4 O-O {C84: Closed Ruy Lopez: Unusual White 6th moves} 8. h3 Bd7 9. Nc3 Re8 10. Be3 Bf8 {LiveBook: 3 Games} 11. Rc1 Ne7 $146 ({Predecessor:} 11... h6 12. Nd5 Nb8 13. b4 Nxd5 14. cxd5 c6 15. Bb3 {1-0 (29) Yu,Y (2688)-Handler,L (2369) Reykjavik 2013}) 12. b4 Ng6 13. Nd5 Rc8 14. Nxf6+ gxf6 15. Nd2 b5 16. cxb5 (16. Bb3 $16) 16... axb5 17. Bb3 f5 ({Black should try} 17... Be6 $14) 18. f4 (18. exf5 $1 $16 Bxf5 19. Ne4) 18... Bh6 {[#]} (18... exf4 $15 {keeps the upper hand.} 19. exf5 Rxe3 20. fxg6 hxg6 21. Rxf4 d5 22. Bxd5 Be6 23. Bxe6 Rxe6) 19. exf5 $1 $16 Nxf4 {[#]} 20. Kh2 $1 Qh4 21. Qg4+ Qxg4 22. hxg4 Kg7 $2 (22... Bg7 $14) 23. d4 $2 ({White has to play} 23. Ne4 $18) 23... Ne2 $1 $11 {[%csl LRc1,LRd4,LRe3]} 24. g5 Bxg5 $1 25. Bxg5 {And now dxe5 would win.} f6 (25... Nxc1 $11 26. Rxc1 exd4) 26. Rce1 exd4 (26... Nxd4 $14 27. Be3 Nxb3 28. axb3 d5) 27. Bh4 $16 c5 28. Be6 (28. Bd5 $16 {Ne4 is the strong threat.} Bc6 29. Be6) 28... Bxe6 $14 29. Rxe2 Bd5 $1 30. Rxe8 Rxe8 31. Re1 Rxe1 (31... Re5 $1 $11 {remains equal.}) 32. Bxe1 $16 Bxa2 (32... Kh6 $16) 33. Ne4 $18 cxb4 34. Bxb4 d5 35. Nc5 Bb1 (35... Kf7 $142 36. g4 Bb1) 36. Ne6+ Kh6 $2 (36... Kf7 $18 37. Nxd4 Bd3) 37. g4 {Precision: White = 40%, Black = 26%.} 1-0

[Event "9th LCC FIDE Open 2017"]
[Site "London"]
[Date "2017.12.03"]
[Round "2"]
[White "Hawkins, Jonathan"]
[Black "Lyell, Mark"]
[Result "1-0"]
[WhiteElo "2579"]
[BlackElo "2264"]
[Annotator "TA"]
[PlyCount "105"]
[EventDate "2017.??.??"]
[EventCountry "ENG"]
[SourceTitle "playchess.com"]
[Source "ChessBase"]
[SourceQuality "1"]

{[%evp 28,105,31,5,82,82,82,82,89,7,7,7,7,10,7,9,9,9,9,10,11,5,74,70,76,17,16,16,16,16,16,14,14,16,15,15,16,17,39,27,57,57,57,57,54,57,100,101,98,98,146,149,326,326,326,326,600,507,500,475,710,701,629,639,543,458,458,409,862,825,29970,29972,29972,29973,29973,29974,29972,29973,29970,29970]} 1. e4 e6 2. d4 d5 3. Nd2 Nf6 4. e5 Nfd7 5. Bd3 c5 6. c3 Nc6 7. Ne2 {[%cal Bg1e2,Be2c3,Bc3a4,Ba4b6][%mdl 32]} cxd4 8. cxd4 f6 9. exf6 Nxf6 10. O-O Bd6 11. Nf3 Qc7 12. Nc3 a6 13. Bd2 {C06: French Tarrasch: 3...Nf6 4 e5 Nfd7 5 Bd3 main lines} O-O 14. Rc1 Bd7 15. Re1 {LiveBook: 12 Games. White is slightly better.} Qb6 (15... Ng4 $11 {remains equal.} 16. g3 h6) (15... Rae8 16. Na4 Bc8 17. Ne5 Qb8 18. Bf4 Nxd4 19. Bxh7+ Kxh7 20. Qxd4 Ne4 {1-0 (33) Shankland,S (2652)-Michiels,B (2563) Wijk aan Zee 2015}) 16. Na4 $16 Qa7 17. Be3 b6 $146 ({Predecessor:} 17... Be8 18. Ne5 Rd8 19. Nc5 Bxc5 20. Nxc6 Bxc6 21. Rxc5 {0-1 (49) Munshi,A (1901)-Moore,G (2155) Llandudno 2017}) 18. Ne5 ({White should play} 18. h3 $16) 18... Nxe5 $11 19. dxe5 Bxe5 20. Nxb6 d4 21. Nxd7 ({And not} 21. Nxa8 dxe3 22. fxe3 (22. Rxe3 $2 Bf4 $19) 22... Qxa8 $17) 21... dxe3 22. Nxf6+ Rxf6 23. fxe3 Qb8 24. h3 Bxb2 (24... Bg3 $11) 25. Rb1 $1 $16 {Black must now prevent Qe2.} Qe5 {[#]} 26. Qc2 (26. Bxh7+ $1 $16 {[%mdl 512]} Kxh7 27. Qc2+ Rg6 28. Rxb2) 26... Bc3 $11 27. Bxh7+ Kh8 28. Qe4 Qxe4 29. Bxe4 Bxe1 30. Bxa8 {[%mdl 4096] Endgame KRB-KRB} Bf2+ 31. Kf1 {And now Ke2 would win.} Bxe3+ 32. Ke2 Bd4 33. Be4 {Rb8+ would kill now.} g5 34. Kd3 e5 35. Rb7 Kg8 36. a4 a5 37. Rb5 Rd6 38. Rxa5 Bc5+ 39. Kc4 Rd4+ $2 (39... Bd4 $16 {keeps fighting.} 40. Rb5 Kf8) 40. Kxc5 $18 Rxe4 {KR-KR} 41. Kd5 Re2 $2 (41... Re1 42. Ra8+ Kg7) 42. g4 Kf7 43. Rb5 e4 (43... Kf6 $142 44. Rb6+ Ke7) 44. a5 e3 45. Kd4 Re1 46. Kd3 e2 47. Re5 Rh1 (47... Ra1 $142) 48. Rxe2 Rxh3+ 49. Kc4 {White mates.} Ra3 50. Kb5 Rb3+ 51. Ka4 Rb1 52. Re4 Kf6 53. a6 {Precision: White = 79%, Black = 37%.} 1-0

[Event "9th LCC FIDE Open 2017"]
[Site "London"]
[Date "2017.12.03"]
[Round "2"]
[White "Donchenko, Alexander"]
[Black "Soham, Das"]
[Result "1-0"]
[WhiteElo "2569"]
[BlackElo "2263"]
[Annotator "TA"]
[PlyCount "41"]
[EventDate "2017.??.??"]
[EventCountry "ENG"]
[SourceTitle "playchess.com"]
[Source "ChessBase"]
[SourceQuality "1"]

{[%evp 12,41,54,54,47,53,45,34,57,48,62,58,154,153,135,151,170,137,177,156,314,323,365,375,372,369,446,455,563,561,670,700]} 1. d4 Nf6 2. c4 e6 3. Nc3 Bb4 4. Qc2 O-O 5. Nf3 d5 6. a3 {E32: Nimzo-Indian: Classical (4 Qc2): 4...0-0} (6. cxd5 exd5 7. Bf4 Nbd7 8. e3 Re8 9. Bd3 c5 10. a3 Bxc3+ 11. Qxc3 c4 12. Bc2 Ne4 13. Bxe4 dxe4 14. Nd2 b5 {½-½ (63) Nakamura,H (2792)-Aronian,L (2799) Saint Louis 2017}) 6... Be7 7. Bf4 {LiveBook: 12 Games} Nh5 8. Bd2 $146 {White is slightly better.} ({Predecessor:} 8. Be5 Nf6 9. e3 Nbd7 10. Bg3 a6 11. Rd1 dxc4 12. Bxc4 {1-0 (32) Allerberger,P (2520)-Cabrera Trujillo,C (1912) Remote email 2013}) 8... Nf6 9. e4 c5 10. dxc5 {aiming for cxd5.} Bxc5 11. cxd5 Ng4 {[#]} (11... exd5 $14 12. Nxd5 Nxd5) 12. Bg5 $1 $16 {[%cal Rg5d8]} Qa5 13. Bh4 {Hoping for Rd1.} exd5 14. exd5 Na6 15. Be2 Nb4 $2 {[#]} (15... Bb4 $16 {keeps fighting.} 16. O-O Bxc3) 16. Qd1 $18 Qb6 {[%cal Rc5f2]} 17. O-O ({Less strong is} 17. axb4 Bxf2+ 18. Bxf2 Nxf2 $18) 17... Na6 18. Na4 Qd6 19. Bg3 {White is clearly winning.} Qe7 20. Bxa6 bxa6 21. d6 {Precision: White = 94%, Black = 42%.} 1-0

[Event "9th LCC FIDE Open 2017"]
[Site "London"]
[Date "2017.12.03"]
[Round "2"]
[White "Mikhalevski, Victor"]
[Black "Ronka, Erik"]
[Result "1-0"]
[WhiteElo "2545"]
[BlackElo "2260"]
[Annotator "TA"]
[PlyCount "17"]
[EventDate "2017.??.??"]
[EventCountry "ENG"]
[SourceTitle "playchess.com"]
[Source "ChessBase"]
[SourceQuality "1"]

{[%evp 9,17,25,31,30,34,11,40,26,41,22]} 1. d4 g6 2. g3 Bg7 3. Bg2 c5 4. c3 Qa5 5. d5 d6 {LiveBook: 10 Games} 6. Nh3 {A40: Unusual replies to 1 d4} Nf6 7. Nf4 $146 ({Predecessor:} 7. O-O b5 8. a4 a6 9. Nf4 Nbd7 10. Na3 Rb8 11. axb5 axb5 12. Nd3 Qc7 {½-½ (22) Abramovic,B (2490)-Kovacevic,B (2452) Zagreb 2008}) 7... Na6 8. O-O b5 9. e4 {[%mdl 32768] Loss on Time!?} 1-0

[Event "9th LCC FIDE Open 2017"]
[Site "London"]
[Date "2017.12.03"]
[Round "2"]
[White "Handke, Florian"]
[Black "Lercel, Michal"]
[Result "1-0"]
[WhiteElo "2526"]
[BlackElo "2244"]
[Annotator "TA"]
[PlyCount "59"]
[EventDate "2017.??.??"]
[EventCountry "ENG"]
[SourceTitle "playchess.com"]
[Source "ChessBase"]
[SourceQuality "1"]

{[%evp 22,59,35,24,24,14,129,131,117,67,67,67,72,69,81,82,86,79,89,77,93,86,159,143,161,156,154,134,139,137,134,44,206,203,186,170,347,353,348,342]} 1. e4 e5 2. Nf3 Nc6 3. Bb5 a6 4. Ba4 Nf6 5. d3 Bc5 6. O-O b5 7. Bb3 d6 8. c3 O-O 9. Bg5 {[%cal Bc1g5,Bg5h4,Bh4g3][%mdl 32] C78: Ruy Lopez: Archangelsk and Möller Defences} h6 10. Bh4 g5 11. Bg3 Bg4 (11... Ba7 12. Nbd2 Na5 13. Bc2 Nh5 14. Kh1 Nc6 15. Bb3 Na5 16. Bc2 Nc6 17. Bb3 Na5 18. Bc2 Nc6 {½-½ (18) Svidler,P (2741)-Ding,L (2759) Shenzhen 2017}) 12. Nbd2 {LiveBook: 7 Games} Nh5 13. Bd5 Ne7 $146 (13... Nxg3 $11 {remains equal.} 14. hxg3 Qd7) ({Predecessor:} 13... Qd7 14. b4 Bb6 15. d4 Rae8 16. Bxc6 Qxc6 17. Nxe5 dxe5 18. Qxg4 Nxg3 19. Qxg3 exd4 20. cxd4 Bxd4 {0-1 (60) Dejanovic,M (2105)-Ciganovic,N (2272) Bosnjaci 2011}) 14. Bxa8 $16 Qxa8 15. h3 Nxg3 16. hxg4 {[#] Strongly threatening Re1.} Nxf1 17. Nxf1 ({Reject} 17. Qxf1 Qc8 $11) 17... Bb6 18. Ng3 Qc8 19. Nd2 {[%cal Bf3d2,Bd2f1,Bf1e3][%mdl 32]} Qe6 20. Qf3 c6 21. a4 f6 (21... b4 $142) 22. axb5 axb5 23. Ra6 Rb8 24. Ndf1 Kf7 25. Ne3 Qc8 26. Nh5 (26. Ra3 $16) 26... Ng8 $2 ({Black should try} 26... Qxa6 $14 27. Qxf6+ Ke8) 27. Ra1 $18 Bxe3 28. fxe3 {And now Ra7+ would win.} ({Don't do} 28. Qxe3 $6 Ra8 $16) 28... Ra8 $2 {[#]} (28... Qd7 {might work better.} 29. Kf2 b4) 29. Rxa8 $1 Qxa8 30. Qf5 {Precision: White = 73%, Black = 25%.} 1-0